书目信息 |
| 题名: |
明智家长们必懂的500个孩子心理学常识
|
|
| 作者: | ;汇智书源 编著 | |
| 分册: | ||
| 出版信息: | 北京 中国铁道出版社 2019.04 |
|
| 页数: | 22, 224页 | |
| 开本: | 24cm | |
| 丛书名: | ||
| 单 册: | ||
| 中图分类: | G781-49 | |
| 科图分类: | ||
| 主题词: | 家庭教育--教育心理学--通俗读物 | |
| 电子资源: | ||
| ISBN: | 978-7-113-25370-7 | |
| 000 | 00971nam0 2200229 450 | |
| 001 | 0103152705 | |
| 005 | 20201103152733.0 | |
| 010 | @a978-7-113-25370-7@dCNY49.00 | |
| 100 | @a20190731d2019 em y0chiy50 ea | |
| 101 | 0 | @achi |
| 102 | @aCN@b110000 | |
| 105 | @aa z 000yy | |
| 106 | @ar | |
| 200 | 1 | @a明智家长们必懂的500个孩子心理学常识@Aming zhi jia zhang men bi dong de 500 ge hai zi xin li xue chang shi@e3~8岁@f汇智书源编著 |
| 210 | @a北京@c中国铁道出版社@d2019.04 | |
| 215 | @a22, 224页@c图@d24cm | |
| 330 | @a本书从孩子的各个方面出发,结合孩子成长中遇到的典型问题,对孩子的心理问题进行深入剖析,并提出一系列切实可行的建议。想要改变孩子的行为,首先要了解孩子的心。要想孩子拥有完美的性格,家长就必须学点儿童心理学,对孩子多加引导,帮助孩子发挥性格优势,弥补性格缺陷。 | |
| 606 | 0 | @a家庭教育@x教育心理学@j通俗读物 |
| 690 | @aG781-49@v5 | |
| 711 | 02 | @a汇智书源@Ahui zhi shu yuan@4编著 |
| 801 | 0 | @aCN@bBJSZM@c20201103 |
| 905 | @b1258361-5@dG781-49@e2087@f5 | |
| 明智家长们必懂的500个孩子心理学常识:3~8岁/汇智书源编著.-北京:中国铁道出版社,2019.04 |
| 22, 224页:图;24cm |
| ISBN 978-7-113-25370-7:CNY49.00 |
| 本书从孩子的各个方面出发,结合孩子成长中遇到的典型问题,对孩子的心理问题进行深入剖析,并提出一系列切实可行的建议。想要改变孩子的行为,首先要了解孩子的心。要想孩子拥有完美的性格,家长就必须学点儿童心理学,对孩子多加引导,帮助孩子发挥性格优势,弥补性格缺陷。 |
| ● |
| 相关链接 |
|
|
|
|
正题名:明智家长们必懂的500个孩子心理学常识
索取号:G781-49/2087
 
预约/预借
| 序号 | 登录号 | 条形码 | 馆藏地/架位号 | 状态 | 备注 |
| 1 | 1258361 | 212583612 | 第一样本阅览室/ [索取号:G781-49/2087] | 在馆 | |
| 2 | 1258362 | 212583621 | 教育系资料室/ [索取号:G781-49/2087] | 在馆 | |
| 3 | 1258363 | 212583630 | 教育系资料室/ [索取号:G781-49/2087] | 在馆 | |
| 4 | 1258364 | 212583649 | 第四借阅区/ [索取号:G781-49/2087] | 在馆 | |
| 5 | 1258365 | 212583658 | 第四借阅区/ [索取号:G781-49/2087] | 在馆 |